Unleitung zum Enwerfen und zur Berechnung der Standfestigkeit von Fabrikschornsteinen

Dettagli Bibliografici
Autore principale: Jahr B.
Riassunto:Заказ г-на Крылова
Lingua:tedesco
Pubblicazione: Berlin, Berlag bjn Ditto Dammerjdmigt, 1910
Soggetti:
Natura: Libro
KOHA link:https://koha.lib.tpu.ru/cgi-bin/koha/opac-detail.pl?biblionumber=195238

MARC

LEADER 00000nam0a2200000 4500
001 195238
005 20231031182802.0
035 |a (RuTPU)RU\TPU\book\212976 
090 |a 195238 
100 |a 20110505d1910 km y0rusy50 ca 
101 1 |a ger 
102 |a RU 
105 |a a z 001zy 
200 1 |a Unleitung zum Enwerfen und zur Berechnung der Standfestigkeit von Fabrikschornsteinen  |d Руководство по проектированию и расчету устойчивости фабричных дымовых труб  |f B. Jahr  
210 |a Berlin  |c Berlag bjn Ditto Dammerjdmigt  |d 1910 
215 |a 153 с.  |c il. 
300 |a Заказ г-на Крылова 
510 1 |a Руководство по проектированию и расчету устойчивости фабричных дымовых труб  |z ger 
610 1 |a строительство 
610 1 |a трубы 
610 1 |a промышленное строительство 
610 1 |a дымовые трубы 
610 1 |a конструкции 
610 1 |a проектирование 
610 1 |a расчеты 
610 1 |a немецкий язык 
675 |a 692.7  |v 3 
700 1 |a Jahr  |b B. 
801 1 |a RU  |b 63413507  |c 20110505 
801 2 |a RU  |b 63413507  |c 20110510  |g RCR 
942 |c BK